000 00928nam a2200253Ia 4500
003 OSt
005 20220923211013.0
006 a|||||r|||| 00| 0
007 ta
008 220922b |||||||| |||| 00| 0 hin d
020 _a8170552737
_c350
024 _a258,717
037 _b273, 15/12/2011, Vani Prakashan
_cTextual
040 _aARTS
_cARTS
_bhin
041 _2hin
_ahin
082 _aO152,1I83:g(/\25), N3;P3
100 _aपांडेय, मैनेजर
_9157056
245 0 _aभक्ति आंदोलन और सूरदास का काव्य
246 _aBhakti āandolan aur sūradās kā kāvya
260 _aनई दिल्ली
_b वाणी प्रकाशन
_c2003
300 _a307पृ.
_ccm.
942 _hO152,1I83:g(/\25), N3;P3
_cTEXL
_2CC
999 _c293789
_d293789